Normal view
MARC view
- Burton, Ralph A
Entry Personal Name
001 - CONTROL NUMBER
- control field: 39852
003 - CONTROL NUMBER IDENTIFIER
- control field: NUST
005 - DATE AND TIME OF LATEST TRANSACTION
- control field: 20210314131548.0
008 - FIXED-LENGTH DATA ELEMENTS
- fixed length control field: 210314|| aca||aabn | a|a d
040 ## - CATALOGING SOURCE
- Original cataloging agency: NUST
- Transcribing agency: NUST
100 ## - HEADING--PERSONAL NAME
- Personal name: Burton, Ralph A
670 ## - SOURCE DATA FOUND
- Source citation: Work cat.: (NUST): Burton, Ralph A., Vibration and impact., [1958]
